Statistiques concernant Synthèse additive des couleurs - "Carte" Quiz

Cliquez ici pour prendre le quiz!

Statistiques générales

  • Ce quiz a été pris 467 fois
  • Le résultat moyen est 3 sur 5

Réponses sur la Carte

Les réponses sont colorées sur une échelle allant du rouge au vert en fonction du pourcentage des utilisateurs qui les ont devinées à leur premier essai. Vous pouvez retrouver ces pourcentages ci-dessous.
 

Statistiques - réponses

Réponse% Correct
Blanc
67%
Magenta
54%
Rouge
54%
Bleu
50%
Cyan
48%

Distribution des résultats

Percentile par nombre de réponses

% des personnes avec chaque résultat

Votre développement - résultats

Vous n’avez pas pris ce quiz